<?xml version="1.0" encoding="UTF-8"?>
<record
    xmlns:xsi="http://www.w3.org/2001/XMLSchema-instance"
    xsi:schemaLocation="http://www.loc.gov/MARC21/slim http://www.loc.gov/standards/marcxml/schema/MARC21slim.xsd"
    xmlns="http://www.loc.gov/MARC21/slim">

  <leader>00842nam a2200217   4500</leader>
  <controlfield tag="005">20260103154646.0</controlfield>
  <controlfield tag="008">260102b        |||||||| |||| 00| 0 eng d</controlfield>
  <datafield tag="020" ind1=" " ind2=" ">
    <subfield code="a">9788195770359</subfield>
  </datafield>
  <datafield tag="041" ind1=" " ind2=" ">
    <subfield code="a">English</subfield>
  </datafield>
  <datafield tag="082" ind1=" " ind2=" ">
    <subfield code="a">170</subfield>
    <subfield code="b">GAU</subfield>
  </datafield>
  <datafield tag="100" ind1=" " ind2=" ">
    <subfield code="a">Gaur R. R. </subfield>
    <subfield code="9">213236</subfield>
  </datafield>
  <datafield tag="245" ind1=" " ind2=" ">
    <subfield code="a">Teacher's Manual for a Foundation Course in Human Values and Professional Ethics</subfield>
  </datafield>
  <datafield tag="250" ind1=" " ind2=" ">
    <subfield code="a">3rd</subfield>
  </datafield>
  <datafield tag="260" ind1=" " ind2=" ">
    <subfield code="a">Delhi</subfield>
    <subfield code="b">UHV Publications</subfield>
    <subfield code="c">2023</subfield>
  </datafield>
  <datafield tag="300" ind1=" " ind2=" ">
    <subfield code="a">180</subfield>
  </datafield>
  <datafield tag="365" ind1=" " ind2=" ">
    <subfield code="b">249.00</subfield>
    <subfield code="c">RS.00</subfield>
  </datafield>
  <datafield tag="520" ind1=" " ind2=" ">
    <subfield code="a">Module 1 Introduction to Value Education
Module 2 Harmany in the Human Being
Module 3 Harmany in the Family and Society 
Module 4 Harmany in the Nature (Existence)
Module 5 Implications of the Holistic Understanding &#x2013; A Look at Professional Ethics

</subfield>
  </datafield>
  <datafield tag="650" ind1=" " ind2=" ">
    <subfield code="a">Ethics</subfield>
    <subfield code="9">216143</subfield>
  </datafield>
  <datafield tag="700" ind1=" " ind2=" ">
    <subfield code="a">Asthana R.</subfield>
    <subfield code="a">Bagaria G. P. </subfield>
    <subfield code="9">216144</subfield>
  </datafield>
  <datafield tag="942" ind1=" " ind2=" ">
    <subfield code="c">BK</subfield>
  </datafield>
  <datafield tag="999" ind1=" " ind2=" ">
    <subfield code="c">369668</subfield>
    <subfield code="d">369668</subfield>
  </datafield>
  <datafield tag="952" ind1=" " ind2=" ">
    <subfield code="0">0</subfield>
    <subfield code="1">0</subfield>
    <subfield code="2">ddc</subfield>
    <subfield code="4">0</subfield>
    <subfield code="7">0</subfield>
    <subfield code="a">SOFT</subfield>
    <subfield code="b">SOFT</subfield>
    <subfield code="d">2025-12-29</subfield>
    <subfield code="e">PHI</subfield>
    <subfield code="g">249.00</subfield>
    <subfield code="i">GST?25-26/1608</subfield>
    <subfield code="l">0</subfield>
    <subfield code="o">170 GAU</subfield>
    <subfield code="p">SOFT-BK-4762</subfield>
    <subfield code="r">2026-01-02 11:30:08</subfield>
    <subfield code="t">0</subfield>
    <subfield code="v">249.00</subfield>
    <subfield code="w">2026-01-02</subfield>
    <subfield code="y">BK</subfield>
  </datafield>
  <datafield tag="952" ind1=" " ind2=" ">
    <subfield code="0">0</subfield>
    <subfield code="1">0</subfield>
    <subfield code="2">ddc</subfield>
    <subfield code="4">0</subfield>
    <subfield code="7">0</subfield>
    <subfield code="a">SOFT</subfield>
    <subfield code="b">SOFT</subfield>
    <subfield code="d">2025-12-29</subfield>
    <subfield code="e">PHI</subfield>
    <subfield code="g">249.00</subfield>
    <subfield code="i">GST?25-26/1608</subfield>
    <subfield code="l">0</subfield>
    <subfield code="o">170 GAU</subfield>
    <subfield code="p">SOFT-BK-4763</subfield>
    <subfield code="r">2026-01-02 11:30:08</subfield>
    <subfield code="t">0</subfield>
    <subfield code="v">249.00</subfield>
    <subfield code="w">2026-01-02</subfield>
    <subfield code="y">BK</subfield>
  </datafield>
</record>
